000
00360nam a2200133Ia 4500
008
151001s9999||||xx |||||||||||||| ||und||
100
_a
ब गं बापट
245
_a
वैदिक गणित
250
_a
1
260
_b
kçáÀ}kçÀCçça çÆo.o.
260
_c
1982
300
_a
70
365
_b
21
999
_c
962897
_d
962894